<?xml version="1.0" encoding="UTF-8"?>
<collection xmlns:xsi="http://www.w3.org/2001/XMLSchema-instance" xsi:schemaLocation="http://www.loc.gov/MARC21/slim http://www.loc.gov/standards/marcxml/schema/MARC21slim.xsd" xmlns="http://www.loc.gov/MARC21/slim">
 <record>
  <leader>00000nam a2200000 n 4500</leader>
  <controlfield tag="001">UP-1685523046124774638</controlfield>
  <controlfield tag="003">Buklod</controlfield>
  <controlfield tag="005">20231124102327.0</controlfield>
  <controlfield tag="006">aa    r     001 0d</controlfield>
  <controlfield tag="007">ta</controlfield>
  <controlfield tag="008">230424s2020    ilua    r   b 001 0deng d</controlfield>
  <datafield tag="020" ind1=" " ind2=" ">
   <subfield code="a">9781492543671</subfield>
  </datafield>
  <datafield tag="035" ind1=" " ind2=" ">
   <subfield code="a">20618680</subfield>
  </datafield>
  <datafield tag="037" ind1=" " ind2=" ">
   <subfield code="a">CHK-6200</subfield>
   <subfield code="b">Fastbooks</subfield>
   <subfield code="c">Php7594.00</subfield>
  </datafield>
  <datafield tag="040" ind1=" " ind2=" ">
   <subfield code="a">DLC</subfield>
   <subfield code="d">DCHK</subfield>
   <subfield code="e">rda</subfield>
  </datafield>
  <datafield tag="041" ind1=" " ind2=" ">
   <subfield code="a">eng</subfield>
  </datafield>
  <datafield tag="090" ind1=" " ind2=" ">
   <subfield code="a">RM 736.7</subfield>
   <subfield code="b">F68 2020</subfield>
  </datafield>
  <datafield tag="245" ind1="1" ind2="0">
   <subfield code="a">Foundations of therapeutic recreation</subfield>
   <subfield code="c">Terry Long, Terry Robertson, editors.</subfield>
  </datafield>
  <datafield tag="250" ind1=" " ind2=" ">
   <subfield code="a">Second edition.</subfield>
  </datafield>
  <datafield tag="264" ind1=" " ind2="1">
   <subfield code="a">Champaign, IL</subfield>
   <subfield code="b">Human Kinetics</subfield>
   <subfield code="c">[2020]</subfield>
  </datafield>
  <datafield tag="300" ind1=" " ind2=" ">
   <subfield code="a">ix, 278 pages</subfield>
   <subfield code="b">illustrations</subfield>
   <subfield code="c">28 cm</subfield>
  </datafield>
  <datafield tag="336" ind1=" " ind2=" ">
   <subfield code="a">text</subfield>
   <subfield code="2">rdacontent</subfield>
  </datafield>
  <datafield tag="337" ind1=" " ind2=" ">
   <subfield code="a">unmediated</subfield>
   <subfield code="2">rdamedia</subfield>
  </datafield>
  <datafield tag="338" ind1=" " ind2=" ">
   <subfield code="a">volume</subfield>
   <subfield code="2">rdacarrier</subfield>
  </datafield>
  <datafield tag="500" ind1=" " ind2=" ">
   <subfield code="a">Revision of: Foundations of therapeutic recreation / Terry Robertson, Terry Long (eds.). 2008</subfield>
  </datafield>
  <datafield tag="504" ind1=" " ind2=" ">
   <subfield code="a">Includes bibliographical references and index</subfield>
  </datafield>
  <datafield tag="505" ind1="0" ind2=" ">
   <subfield code="a">1. Considering therapeutic recreation as you profession -- 2. History of therapeutic recreation -- 3. Professional opportunities in therapeutic recreation -- 4. Person-first philosophy in therapeutic recreation -- 5. Models and modalities of practice -- 6. The therapeutic recreation process -- 7. Therapeutic recreation and mental health -- 8. Therapeutic recreation and developmental disabilities -- 9. Therapeutic recreation and physical rehabilitation -- 10. Youth development and therapeutic recreation -- 11. Therapeutic recreation and senior populations -- 12. A global perspective of therapeutic recreation -- 13. Envisioning the future: therapeutic recreation as a profession</subfield>
  </datafield>
  <datafield tag="520" ind1=" " ind2=" ">
   <subfield code="a">Foundations of Therapeutic Recreation, second edition, introduces students to the many career possibilities in the field of therapeutic recreation. Drawing on the combined wisdom and expertise of the editors and 20 contributing authors who represent a broad spectrum of experiences, the text provides the foundational concepts that are essential for understanding the profession. One of the greatest strengths of the second edition is content that aligns with the updated standards of professional practice established by the National Council for Therapeutic Recreation (NCTRC). It provides aspiring professionals with a launching point in their quest toward becoming a Certified Therapeutic Recreation Specialist. Other updates to this edition include the following: integration of more global perspectives on therapeutic recreation; grater emphasis of evidence-based practice for designing and delivering enjoyable and beneficial therapeutic recreation interventions. Students will discover potential areas in which therapeutic recreation can be practiced - including mental health centers, programs for those with developmental disabilities, physical rehabilitation facilities, youth development programs, and programs for the aging population - and will also be exposed to potential changes and uses of therapeutic recreation as technology innovations, public policy, and service demand trends evolve. Foundations of Therapeutic Recreation, second edition, aims to provide students with evidence-based information on fundamental concepts in therapeutic recreation to help them explore the various career possibilities in the field.</subfield>
  </datafield>
  <datafield tag="650" ind1=" " ind2="0">
   <subfield code="a">Recreational therapy.</subfield>
  </datafield>
  <datafield tag="650" ind1=" " ind2="0">
   <subfield code="a">People with disabilities</subfield>
   <subfield code="x">Rehabilitation.</subfield>
  </datafield>
  <datafield tag="650" ind1=" " ind2="0">
   <subfield code="a">Recreational therapy</subfield>
   <subfield code="x">Vocational guidance.</subfield>
  </datafield>
  <datafield tag="700" ind1="1" ind2=" ">
   <subfield code="a">Long, Terry</subfield>
   <subfield code="d">1971-</subfield>
   <subfield code="e">editor</subfield>
   <subfield code="c">PhD.</subfield>
  </datafield>
  <datafield tag="700" ind1="1" ind2=" ">
   <subfield code="a">Robertson, Terry</subfield>
   <subfield code="d">1958-</subfield>
   <subfield code="e">editor</subfield>
   <subfield code="c">PhD.</subfield>
  </datafield>
  <datafield tag="905" ind1=" " ind2=" ">
   <subfield code="a">FO</subfield>
  </datafield>
  <datafield tag="852" ind1="0" ind2=" ">
   <subfield code="a">UPD</subfield>
   <subfield code="b">DCHK</subfield>
   <subfield code="h">RM 736.7</subfield>
   <subfield code="i">F68 2020</subfield>
  </datafield>
  <datafield tag="942" ind1=" " ind2=" ">
   <subfield code="a">Book</subfield>
  </datafield>
 </record>
</collection>
